Les grands événements de 2022 - Statistiques

Statistiques générales
  • Ce quiz a été pris 121 fois
  • Le résultat moyen est 4 sur 15
Statistiques - réponses
Hint Extra Hint Réponse % Correct
Début de la coupe du monde de football Qatar 20 novembre
72%
Réélection d'Emmanuel Macro comme président France 24 avril
63%
Invasion de l'Ukraine par la Russie 24 février
53%
Mort de la reine Elisabeth II Royaume-Uni 8 septembre
44%
Elisabeth Borne devient Premier ministre France 16 mai
26%
Début des J.O. de Pékin Chine 4 février
26%
L'équipe masculine de rugby gagne le Tournoi des 6 nations 19 mars
22%
Annie Ernaux prix Nobel de littérature France 6 octobre
20%
Boris Johnson démissionne de son poste de Premier ministre Royaume-Uni 7 juillet
18%
Inauguration du pont du détroit des Dardanelles Turquie 18 mars
14%
Coup d'Etat au Burkina Faso 30 septembre
14%
Alain Aspect prix Nobel de Physique France 4 octobre
14%
Canonisation de Charles de Foucauld Vatican/France 15 mai
13%
Quentin Fillon Maillet remporte la coupe du monde de biathlon France 12 mars
12%
Cyclone Batsirai à Madagascar - 92 morts 5 février
7%
Aucun quiz correspondant
Distribution des résultats
% des personnes avec chaque résultat
Percentile par nombre de réponses
Votre historique - résultats
Vous n’avez pas pris ce quiz